Polskie miasta zaczynające się tak samo jak największe miasta USA - Statystyki

Ogólne statystyki
  • Ten quiz został rozwiązany 94 razy
  • Średni wynik to 8 z 10
Statystyki odpowiedzi
Miasto USA Liczba
polskich
miast
Polskie miasta % Poprawnych
Chicago, Charlotte 19 Chełm | Chełmek | Chełmno | Chełmża | Chęciny | Chmielnik | Chocianów | Chociwel | Chocz | Chodecz | Chodzież | Chojna | Chojnice | Chojnów | Choroszcz | Chorzele | Chorzów | Choszczno | Chrzanów
99%
Nowy Jork 25 Nowa Dęba | Nowa Ruda | Nowa Sarzyna | Nowa Słupia | Nowa Sól | Nowe | Nowe Brzesko | Nowe Miasteczko | Nowe Miasto | Nowe Miasto Lubawskie | Nowe Miasto nad Pilicą | Nowe Skalmierzyce | Nowe Warpno | Nowogard | Nowogrodziec | Nowogród | Nowogród Bobrzański | Nowy Dwór Gdański | Nowy Dwór Mazowiecki | Nowy Korczyn | Nowy Sącz | Nowy Staw | Nowy Targ | Nowy Tomyśl | Nowy Wiśnicz
99%
Waszyngton 7 Wadowice | Wałbrzych | Wałcz | Warka | Warszawa | Warta | Wasilków
99%
Jacksonville 18 Jadów | Jastrzębie-Zdrój | Jabłonowo Pomorskie | Janikowo | Janowiec Wielkopolski | Janów Lubelski | Jaraczewo | Jarocin | Jarosław | Jasień | Jasło | Jastarnia | Jastrowie | Jastrząb | Jawor | Jawornik Polski | Jaworzno | Jaworzyna Śląska
98%
San Antonio, San Diego, San Jose, San Francisco 3 Sandomierz | Sanniki | Sanok
95%
Austin 1 Augustów
90%
Indianapolis 2 Inowłódz | Inowrocław
87%
Dallas 2 Daleszyce | Darłowo
65%
Seattle 2 Sejny | Serock
50%
Denver 1 Debrzno
23%
Nie znaleziono quizów pasujących do podanych kryteriów
Rozkład punktacji
Procent ludzi z każdym wynikiem
Percentyl według liczby udzielonych odpowiedzi
Twoja historia wyników
Nie rozwiązałeś tego quizu